And your time starts now (Record no. 82920)

MARC details
000 -LEADER
fixed length control field 00843cab a22001935a 4500
001 - CONTROL NUMBER
control field L152255
008 - FIXED-LENGTH DATA ELEMENTS--GENERAL INFORMATION
fixed length control field 110215e20111203xxko f 000 0 eng d
035 ## - SYSTEM CONTROL NUMBER
System control number (Sirsi) u152255
041 0# - LANGUAGE CODE
Language code of text/sound track or separate title eng
100 1# - MAIN ENTRY--PERSONAL NAME
Personal name Barnes, Rachel
245 00 - TITLE STATEMENT
Title And your time starts now
Remainder of title a quirk in the law of limitation means a claim for economic loss under a contract has a different time limit from the same claim brought in tort
260 ## - PUBLICATION, DISTRIBUTION, ETC.
Date of publication, distribution, etc. 2011
490 #0 - SERIES STATEMENT
Series statement Building
Volume/sequential designation 276(8665) 11 February 2011, 45(1)
520 ## - SUMMARY, ETC.
Summary, etc. Explains what a claim in tort is; outlines how the judgment of the Court of Appeal in Robinson v PE Jones (Contractors) Ltd was good news for contractors but not for consultants; limitation periods; time limit.
590 ## - LOCAL NOTE (RLIN)
Local note KA
651 #4 - SUBJECT ADDED ENTRY--GEOGRAPHIC NAME
Geographic name England and Wales
Chronological subdivision 1543-
690 ## - LOCAL SUBJECT ADDED ENTRY--TOPICAL TERM (OCLC, RLIN)
Topical term or geographic name as entry element BUILT ENVIRONMENT-BUILDING CONTRACT FORMS
942 ## - ADDED ENTRY ELEMENTS (KOHA)
Suppress in OPAC 0
Holdings
Withdrawn status Lost status Source of classification or shelving scheme Damaged status Not for loan Home library Current library Shelving location Date acquired Total Checkouts Full call number Barcode Date last seen Copy number Price effective from Koha item type
    Dewey Decimal Classification     London London Journal article 15/02/2011   L152255 152255-1001 06/08/2019 1 06/08/2019 Journal article